000 00949nam a2200265 c 4500
999 _c207473
_d207473
003 BLK
005 20221103140014.0
008 180411b bul|||||r ||||||| ||bul||
010 _aKNG00217235000
040 _aBLK
041 _aBUL
_cBUL
080 _aБългарска литература
_b821.163.2
_x-2
_z821.163.2-2
100 1 _aЙорданов, Недялко Асенов
_eпърви автор
_9372502
139 _aЙорданов, Недялко
_bИ 83
245 1 0 _aПиеси
_bВъпрос на принцип, Любов необяснима, Мотопедът
_cНедялко Асенов Йорданов.
257 _aBGR
260 _bБълг. писател
_c1977
_aСофия
300 _a239 с.
_c21 см
380 _aX
852 _aЦб 87997
856 4 _qpdf
_i0.00
_ldisable
856 4 _qpdf
_i0.00
_ldisable
942 _cKNG
_n0
_01
_s1
944 _aCR
_c13.03.2018
_kХристина_Везирева
944 _aED
_c13.03.2018
_kХристина_Везирева
999 _d207473